Weed biomass production in a mature rubber plantation in Nigeria (Record no. 72333)

MARC details
000 -LEADER
fixed length control field 00443nam a2200169Ia 4500
100 ## - MAIN ENTRY--AUTHOR NAME
Personal name Onyibe H I
245 #0 - TITLE STATEMENT
Title Weed biomass production in a mature rubber plantation in Nigeria
260 ## - PUBLICATION, DISTRIBUTION, ETC. (IMPRINT)
Name of publisher Trop ecol
Year of publication 1991
300 ## - PHYSICAL DESCRIPTION
Number of Pages 207-211
500 ## - GENERAL NOTE
General note Source Year: 1991
650 ## - SUBJECT ADDED ENTRY--TOPICAL TERM
Topical Term Rubber plantation
650 ## - SUBJECT ADDED ENTRY--TOPICAL TERM
Topical Term Weed biomass production
700 ## - ADDED ENTRY--PERSONAL NAME
Personal name Gill L S
856 ## - ELECTRONIC LOCATION AND ACCESS
Uniform Resource Identifier BA
942 ## - ADDED ENTRY ELEMENTS (KOHA)
Koha item type Journals
Holdings
Withdrawn status Lost status Damaged status Not for loan Home library Current library Date acquired Serial Enumeration / chronology Koha item type
      Journals RRII Library RRII Library 17/12/2021 Volume 32, Issue 2 Journals